000 00953nam a2200289 u 4500
001 66421
005 20180714074157.0
008 161021s1990 mx r 000 0 spa d
020 _a9682315905
041 _aspa
082 0 _a337
_bAMI
100 1 _aAmin, Samir,
_eautor
245 1 0 _aImperialismo y comercio internacional :
_bel intercambio desigual /
_cpor Samir Amin, Charles Bettelheim, Arghiri Emmanuel, Christian Palloix.
250 _aDecimoprimera edición
264 1 _aMéxico :
_bSiglo xxi editores,
_c1990
300 _a214 páginas ;
_c21 cm.
336 _atexto
_2rdacontent
337 _asin mediación
_2rdamedia
338 _avolumen
_2rdacarrier
490 0 _aEconomía y demografía
650 4 _aComercio internacional
650 4 _aEconomía internacional
650 4 _aEconomía política
650 4 _aCapitalismo
700 1 _aBettelheim, Charles,
_eautor
700 1 _aPalloix, Christian,
_eautor
999 _c66421
_d66421